Pixi / (Record no. 92467)
[ view plain ]
| 000 -CABECERA | |
|---|---|
| campo de control de longitud fija | 00709nam a2200229 a 4500 |
| 005 - FECHA Y HORA DE LA ÚLTIMA TRANSACCIÓN | |
| campo de control | 20240924071217.0 |
| 008 - ELEMENTOS DE LONGITUD FIJA--INFORMACIÓN GENERAL | |
| campo de control de longitud fija | 021011s2000 ag r 000 0 spa d |
| 020 ## - NÚMERO INTERNACIONAL NORMALIZADO PARA LIBROS | |
| Número Internacional Estándar del Libro | 9875380067 |
| 035 ## - NÚMERO DE CONTROL DEL SISTEMA | |
| Número de control de sistema | UPN01000120122 |
| 049 ## - COLECCIÓN | |
| Colección | I |
| 050 #4 - SIGNATURA TOPOGRÁFICA DE LA BIBLIOTECA DEL CONGRESO | |
| Número de clasificación | B105 C4.5 |
| Número de documento/Ítem | L5.68a |
| 100 1# - ASIENTO PRINCIPAL--NOMBRE PERSONAL | |
| Nombre de persona | Lipman, Matthew, |
| Fechas asociadas al nombre | 1922-2010 |
| 9 (RLIN) | 29038 |
| 245 10 - MENCIÓN DE TÍTULO | |
| Título | Pixi / |
| Mención de responsabilidad, etc. | Matthew Lipman. |
| 260 ## - PUBLICACIÓN, DISTRIBUCIÓN, ETC. | |
| Lugar de publicación, distribución, etc. | México |
| Nombre del editor, distribuidor, etc. | Novedades Educativas, |
| Fecha de publicación, distribución, etc. | 2000. |
| 300 ## - DESCRIPCIÓN FÍSICA | |
| Extensión | 61 p. |
| 440 #0 - MENCIÓN DE SERIE/ASIENTO SECUNDARIO--TÍTULO | |
| Título | Filosofía y escuela. |
| Nombre de parte o sección de la obra | Textos de filosofía |
| 500 ## - NOTA GENERAL | |
| Nota general | " 2o ciclo " |
| 500 ## - NOTA GENERAL | |
| Nota general | Publicado también con el título de Pixie, en Madrid por Ediciones de la Torre |
| 650 #4 - ASIENTO SECUNDARIO DE MATERIA - TERMINO TEMATICO | |
| Término de materia o nombre geográfico como elemento de entrada | Niños y filosofía |
| 9 (RLIN) | 7350 |
| 650 #4 - ASIENTO SECUNDARIO DE MATERIA - TERMINO TEMATICO | |
| Término de materia o nombre geográfico como elemento de entrada | Literatura infantil |
| 9 (RLIN) | 4445 |
| 905 ## - TIPO DE MATERIAL | |
| Tipo de material | Infantil |
| Estado de retiro | Estado de pérdida | Fuente del sistema de clasificación o colocación | Estado dañado | No para préstamo | Código de colección | Localización permanente | Ubicación/localización actual | Ubicación en estantería | Fecha de adquisición | Total de préstamos | Clasificación | Código de barras | Fecha visto por última vez | Número de copia | Tipo de ítem Koha |
|---|---|---|---|---|---|---|---|---|---|---|---|---|---|---|---|
| Library of Congress Classification | Infantil | Bib. Gregorio Torres Quintero | Bib. Gregorio Torres Quintero | Sala infantil Planta baja | 10/05/2023 | 1 | B105 C4.5 L5.68a | 206818 | 31/12/2020 | 1 | Libro | ||||
| Library of Congress Classification | Infantil | Bib. Gregorio Torres Quintero | Bib. Gregorio Torres Quintero | Sala infantil Planta baja | 10/05/2023 | 1 | B105 C4.5 L5.68a | 196374 | 31/12/2020 | 1 | Libro | ||||
| Library of Congress Classification | Infantil | Bib. Gregorio Torres Quintero | Bib. Gregorio Torres Quintero | Sala infantil Planta baja | 22 | B105 C4.5 L5.68a | 219518 | 31/12/2020 | 1 | Libro |
